000 00477nam a22001937a 4500
003 MPLRDC
005 20220104123406.0
008 210129b ||||| |||| 00| 0 eng d
020 _a957-593-180-7
082 _a889 LMJD v.7
100 _aJULIE GARWOOD
245 _a礼物
_c黎宇风译
250 _a第六版
260 _a
_b林白出版社
_c1994
300 _b
490 _a浪漫经典. 7
650 _a西洋小说之中文翻译
942 _cBK
_o889 LMJD v.7
999 _c11061
_d11051